000 00765nam a2200253Ia 4500
003 OSt
005 20220927105831.0
006 a|||||r|||| 00| 0
007 ta
008 220926b |||||||| |||| 00| 0 eng d
024 _a51614
037 _cReference Collections
040 _aRTL
_cRTL
_beng
041 _2eng
_aeng
082 _a"X:9p1,N54, J5UN"
111 _aInternational Labour Conference (37th : 1954 : Geneva)
_9351006
245 0 _aRecord of proceedings
260 _aGeneva
_bInternational Labour Organization
_c1955
300 _a"xLv, 612p. Appendix p.384-589"
_ccm.
650 _a Human Resource Management
650 _aLabour Economics
942 _h"X:9p1,N54, J5UN"
_cCC
999 _c694954
_d694954